Normal view
MARC view
Entry Personal Name
001 - CONTROL NUMBER
- control field: 29756
003 - CONTROL NUMBER IDENTIFIER
- control field: ARRUPE
005 - DATE AND TIME OF LATEST TRANSACTION
- control field: 20170411092337.0
008 - FIXED-LENGTH DATA ELEMENTS
- fixed length control field: 170411|| aca||aabn | a|a d
040 ## - CATALOGING SOURCE
- Original cataloging agency: ARRUPE
- Transcribing agency: ARRUPE
100 ## - HEADING--PERSONAL NAME
- Personal name: McGuinness, Brian.
670 ## - SOURCE DATA FOUND
- Source citation: Work cat.: (ARRUPE)0: Wittgenstein, Ludwig, 1889-1951. 29752, Wittgenstein in Cambridge :, 2008.